000 00411nam a2200145Ia 4500
008 230917s9999||||xx |||||||||||||| ||und||
040 _e177090
_aMAIN
041 _aEnglish
082 _a891.43371109 RF298:PJ
100 _aजतकर, पुष्पा
245 0 _aरचनाकार रेणु
260 _aनई दिल्ली
_bवाणी
_c1992
300 _a215 पृ. p.
942 _cHN
999 _c65092
_d65092